LIBRARY & INFORMATION CENTRE, KCAET, TAVANUR

ONLINE PUBLIC ACCESS CATALOGUE (OPAC)

Advances in environmental sciences / (Record no. 9427)

MARC details
000 -LEADER
fixed length control field 00597cam a2200229ua 4500
020 ## - INTERNATIONAL STANDARD BOOK NUMBER
ISBN 81 7024 528 1
041 ## - LANGUAGE CODE
Language code of text/sound track or separate title eng
082 ## - DEWEY DECIMAL CLASSIFICATION NUMBER
Classification number 628
Item number TRI/AD
100 ## - MAIN ENTRY--AUTHOR NAME
Personal name Tripathi, A K .
245 ## - TITLE STATEMENT
Title Advances in environmental sciences /
250 ## - EDITION STATEMENT
Edition statement 1 /
260 ## - PUBLICATION, DISTRIBUTION, ETC. (IMPRINT)
Place of publication New Delhi :
Name of publisher Ashish Publishing House ,
Year of publication 1993.
300 ## - PHYSICAL DESCRIPTION
Number of Pages 387 ; .
500 ## - GENERAL NOTE
General note 19615-16 Scheme
700 1# - ADDED ENTRY--PERSONAL NAME
Personal name Pandey, S N .
700 1# - ADDED ENTRY--PERSONAL NAME
Personal name Srivastava, A K .
942 ## - ADDED ENTRY ELEMENTS (KOHA)
Koha item type Books
Holdings
Withdrawn status Lost status Damaged status Home library Current library Date acquired Full call number Accession Number Koha item type
      KAUAET   07/04/2012 628 19616 Books
      KAUAET   07/04/2012 628 19615 Books
free website counter